000 01010nac a22003257a 4500
001 BR9206337
003 BR-BrBNA
005 20240105121244.0
008 230509b bl.|||m| |||| 00| 0 por d
040 _aBR-BrBNA
_bpor
_cBiblioteca Nacional de Agricultura
072 _aH20
090 _a1000 BR9206337
100 1 _aOliveira, R. de S.C.C. de
100 1 _aFerreira, J.G.A.
100 1 _aLindenberg, R.B.
100 1 _aGreve, A.
100 1 _aFurquim, M.R.
100 1 _aBaptista, J.C. de
110 1 _aCoordenadoria de Assistencia Tecnica Integral, Campinas, SP (Brasil)
245 1 _aManual da campanha nacional de erradicacao do cancro citrico
260 3 _aCampinas, SP (Brasil):
_c1987.
300 _a34 p.
490 _aManual - Coordenadoria de Assistencia Tecnica Integral (Brazil)
_vno. 11
_x
500 _a5 ref.
650 _aFRUTA CITRICA
650 _aCANCRO CITRICO
650 _aERRADICACAO
909 _a202312
_bLúcia Elande
_c55
_dLúcia Elande
942 _2AGRIS
_n0
_cMS
999 _c284231
_d284231